| 000 | 01321nam a2200193 a 4500 | ||
|---|---|---|---|
| 001 | 000048877 | ||
| 005 | 20201002061458.0 | ||
| 008 | 190424s2016 dr 000 0 spa d | ||
| 040 |
_aDO-SdBNP _bspa _cBNPHU |
||
| 082 |
_axxxx _bR426c 2016 |
||
| 110 | 2 |
_aRepública Dominicana. _b[Leyes, etc.] _911088 |
|
| 245 | 1 | 0 |
_aCompendio de normas sobre profesionalización de la función pública : _b(Ley de Función Pública y sus reglamentos de aplicación) y ley organica de adminsitracion pública Ley No. 247-12 / _cpresentación ; Ramón Ventura Camejo. |
| 250 | _a15ta ed. | ||
| 260 |
_aSanto Domingo : _bMAP, _c2016. |
||
| 505 | 0 |
_aPresentación -- _tLey No. 41-08 de Función Pública -- _tReglamento de Relaciones Laborales en la Administración Pública No. 523-09 -- _tReglamento de Reclutamiento y Selección de Personal en la Administración Pública No. 251-15 -- _tReglamento de Evaluación del Desempeño y Promoción de los Servidores y Funcionarios de la Administración Pública No. 525-09 -- _tReglamento de Estructuras Organizativa, cargos y política salarial No. 527-09 -- _tLey Orgánica de Administración Pública (Ley No. 247-12)--. |
|
| 590 | _aInventariado, 2019/LP | ||
| 700 | 1 |
_aVentura Camejo, Ramón, _epresent. _926937 |
|
| 710 | 2 |
_aRepública Dominicana. _cMinisterio de Administración Pública. _938094 |
|
| 999 |
_c48365 _d48365 |
||